Jeux de Riot Games - Statistiques

Statistiques générales
  • Ce quiz a été pris 207 fois
  • Le résultat moyen est 4 sur 10
Statistiques - réponses
Type de jeu Réponse % Correct
MOBA League of Legends
98%
FPS Valorant
97%
Jeu de combat automatique en PvP Teamfight Tactics
71%
Bonus : Série animé Arcane
63%
Jeu mobile League of Legends : Wild Rift
45%
Jeu de carte Legends of Runeterra
40%
Jeu vidéo de rôle au tour par tour Ruined King: A League of Legends Story
11%
Jeu vidéo rythmique Hextech Mayhem: A League of Legends Story
6%
Jeu de société coopératif Mechs vs. Minions
2%
Jeu de table Tellstones: King's Gambit
2%
Aucun quiz correspondant
Distribution des résultats
% des personnes avec chaque résultat
Percentile par nombre de réponses
Votre historique - résultats
Vous n’avez pas pris ce quiz